000 00336nam a2200133Ia 4500
008 220216s9999 xx 000 0 und d
100 _aHaridasan V
245 0 _aHoney from rubber plantation: A study of its potential
260 _bPlanter
_c1988
300 _a409-414
700 _aJayarathnam K
700 _aNehru C R
942 _cJS
999 _c60482
_d60482